| 000 | 00703nam a2200205 a 4500 | ||
|---|---|---|---|
| 001 | 000282193 | ||
| 003 | AM-YeHGA | ||
| 005 | 20250617125726.0 | ||
| 008 | 031111s1933 ||| r 000 0 rus d | ||
| 040 | _aAM-YeHGA | ||
| 041 | 0 | _arus | |
| 100 | 1 | _aБурно, К. | |
| 245 | 1 | 0 |
_aТерпены / _cК. Бурно ; Пер. Н.К. Юрашевского под ред. и с добавл.: А.С. Гинзберга. |
| 260 |
_aЛенинград : _bГосхимтехиздат, _c1933. |
||
| 300 |
_a152 с. _bил. |
||
| 650 | 1 | 4 |
_aРастения _xТерпены |
| 700 | 1 |
_aЮрашевский, Н.К. _eпер. _4trl |
|
| 700 | 1 |
_aГинзберг, А.С. _eред. _4edt |
|
| 090 | _c104595 | ||
| 999 |
_c103276 _d103276 |
||